Indian Politics After Nehru (Record no. 360)

MARC details
000 -LEADER
fixed length control field 00584nam a2200229 a 4500
020 ## - INTERNATIONAL STANDARD BOOK NUMBER
ISBN
082 00 - DEWEY DECIMAL CLASSIFICATION NUMBER
Classification number 320.0954
Author Cutter SIN
100 ## - MAIN ENTRY--AUTHOR NAME
Author name Singh, Herbert Jai
245 ## - TITLE STATEMENT
Title Indian Politics After Nehru
260 ## - PUBLICATION, DISTRIBUTION, ETC. (IMPRINT)
Place of publication Bangalore
Name of publisher Christian Instt.For Study of Religion
Year of publication 1967
300 ## - PHYSICAL DESCRIPTION
Number of Pages 193p
500 ## - GENERAL NOTE
General note includes index and biblioraphy
505 2# - FORMATTED CONTENTS NOTE
Formatted contents note Appendix
650 ## - SUBJECT ADDED ENTRY--TOPICAL TERM
Topical Term India-Politics and Government
942 ## - ADDED ENTRY ELEMENTS (KOHA)
Koha item type Books
Holdings
Collection code Home library Current library Date acquired Cost, normal purchase price Full call number Accession Number Koha item type
  Henry Martyn Institute Library Henry Martyn Institute Library 04/05/2007 4.50 320.0954 SIN 03776 Books
                   Copyright © 2026 | Henry Martyn Institute | Hyderabad | TS-500052 | INDIA | Implemented by hmi.edu.in
Hit-Count:

Powered by Koha